000
00234nam a2200097Ia 4500
008
170619s9999 xx 000 0 und d
100
_a
Zeid Ibrahim
245
0
_a
Electricity-Electronics fundamentals
260
_b
London; MGH
260
_c
1993
546
_a
ENGLISH
999
_c
17703
_d
17703